5HLuxD.jpg

KING HENRY VIII SENIOR AND PRIMARY SCHOOL LIBRARY OPAC

CHICKEN,CHIPS AND PEAS (Record no. 4933)

000 -LEADER
fixed length control field 00326nam a22001217a 4500
008 - FIXED-LENGTH DATA ELEMENTS--GENERAL INFORMATION
fixed length control field 250424b ||||| |||| 00| 0 eng d
020 ## - INTERNATIONAL STANDARD BOOK NUMBER
International Standard Book Number 9780140563979
082 ## - DEWEY DECIMAL CLASSIFICATION NUMBER
Classification number 823.914 AHL
100 ## - MAIN ENTRY--PERSONAL NAME
Personal name AHLBERG,ALLAN
Relator term AUTHOR
245 ## - TITLE STATEMENT
Title CHICKEN,CHIPS AND PEAS
260 ## - PUBLICATION, DISTRIBUTION, ETC.
Place of publication, distribution, etc. 80 STRAND, LONDON WC2R 0RL,ENGLAND
Name of publisher, distributor, etc. PUFFIN
Date of publication, distribution, etc. 1999
942 ## - ADDED ENTRY ELEMENTS (KOHA)
Source of classification or shelving scheme
Holdings
Withdrawn status Lost status Source of classification or shelving scheme Damaged status Not for loan Collection code Permanent Location Current Location Shelving location Date acquired Full call number Barcode Date last seen Price effective from Koha item type Public note
          Fiction KH8 Primary School Library KH8 Primary School Library Fiction 2025-04-24 823.914 AHL KHPL000006788 2025-12-05 2025-04-24 Books - Fiction KH8 PRIMARY LIBRARY

Powered By KH8 IT Dept